000 00539nam a2200229Ia 4500
003 OSt
005 20220924142846.0
006 a|||||r|||| 00| 0
007 ta
008 ASM
024 _a303550
037 _cTextual
040 _aARTS
_cARTS
_bASM
041 _2ASM
_aASM
082 _aO158,1NTAx, M1
100 _aTanty
_9214187
245 0 _aUjjal nakshat rar sandhant
260 _c1981
650 _aASSAMESE LITERATURE
_911738
942 _hO158,1NTAx, M1
_cTEXL
_2CC
999 _c452198
_d452198